000 00562cam a22002053a 4500
001 45927
003 PGUSA
005 20140828084054.0
008 140610s2014||||xxu|||||s|||||000 | eng d
040 _aPGUSA
_beng
042 _adc
100 1 _aHartley, John,
_d1839-1915
245 1 0 _aSeets I' Paris
_h[electronic resource] /
_cJohn Hartley
260 _bProject Gutenberg,
_c2014
506 _aPublic domain in the USA.
516 _aElectronic text
830 0 _aProject Gutenberg
_v45927
856 4 0 _uhttp://www.gutenberg.org/ebooks/45927
942 _cEB
999 _c275177
_d275177